000 00452nam a2200181Ia 4500
001 19415
005 20260306172651.0
008 260306t2009||||xx |||||||||||||| ||spa||
041 _aESP
082 _a659.2
_bX39
100 _aXifra, Jordi
_eAUT
245 0 _aCasos de relaciones públicas y comunicación corporativa
260 _c2009
300 _axvi, 185 páginas :
_c24 cm.
650 _aGEN
654 _aCAN
942 _cLIB
_dJUS
_fJUS
_2ddc
_n
999 _c19415
_d19415